| 000 | 00438nam a2200169Ia 4500 | ||
|---|---|---|---|
| 008 | 170705s9999 xx 000 0 und d | ||
| 020 | _a9780439842433 | ||
| 245 | _aGuess who's coming to Santa's for dinner? / | ||
| 245 | _cwritten and illustrated byTomie dePaola. | ||
| 260 | _aNew York : | ||
| 260 | _bScholastic, | ||
| 260 | _c2004 | ||
| 300 | _aunpaged : | ||
| 300 | _bcolor illustration ; | ||
| 300 | _c24cm. | ||
| 500 | _a330 | ||
| 999 |
_c337006 _d337006 |
||